00550nam a2200181Ia 450000500170000000800410001702000220005804000190008004100120009908200160011110000150012724500770014226000420021930000270026150400510028865000190033985000100035820221116104914.0131103s9999 xx 000 0 und d a195622995cRs.250 aLoreto College aEnglish a954.03bGAN aNanda,B.R. aGandhib pan - islamism,imperialism and nationalism in India cB.R.Nanda aBombaybOxford University Pressc1989 aix,438 p.b ill.21 cm. aIncludes index and bibliographical refereences aModern History aLCLIB